| 000 | 02253nam a2200421 c 4500 | ||
|---|---|---|---|
| 999 |
_c400757 _d400757 |
||
| 003 | BLK | ||
| 005 | 20210317135953.0 | ||
| 008 | 180408b bul|||||r ||||||| ||bul|| | ||
| 010 | _aKNG00086283000 | ||
| 020 | _a9789547870567 | ||
| 040 | _aBLK | ||
| 041 |
_aBUL _cBUL |
||
| 080 |
_aПарапсихология. Нумерология. - Халюцинации, пророчества, предсказания, магии, демонология, телепатия, спиритизъм, илюзии, нумерология, мошеничество. Вж и 133 ; 398.4 ; 615.851 _b159.961 _x.003.35(02.062) _z159.961.003.35(02.062) |
||
| 080 |
_aОбщи работи. Философски науки в цялост _b101 _x(091)(38)(092) _z101(091)(38)(092) |
||
| 080 |
_aИгри с карти - Бридж, скат, пикет, покер, пасианс, Черен Петър, гледане на карти, хазартни игри с ка _b794.4 _x(084) _z794.4(084) |
||
| 139 |
_aТайното учение на Питагор _bТ 20 |
||
| 245 | 1 | 0 |
_aТайното учение на Питагор _bГадаене с числа _cсъстав. и текст Мария Василева Арабаджиева; състав. и текст Явор Иванов. |
| 257 | _aBGR | ||
| 260 |
_bМириам _c2008 _fСофия : Мултипринт |
||
| 300 |
_a118 с. _bс ил. _c22 см _e12 карти |
||
| 380 | _a1 | ||
| 490 |
_aКолекция Ars divinatoria _v C625-4128 _9203896 |
||
| 500 | _aПълното име на Я. Иванов е Явор Иванов Седефов | ||
| 650 | 4 |
_aПредсказания _9167581 |
|
| 650 | 4 |
_aСимволи и знаци _9247835 |
|
| 650 | 4 |
_aФилософи, древногръцки _9247954 |
|
| 653 | _aпредсказания | ||
| 653 | _aсимволи | ||
| 653 | _aзнаци | ||
| 653 | _aфилософи | ||
| 700 | 1 |
_aАрабаджиева, Мария Василева _eсъстав. и текст _9371411 |
|
| 700 | 1 |
_aИванов, Явор _eсъстав. и текст _9368106 |
|
| 856 | 4 | _qpdf | |
| 856 | 4 | _qpdf | |
| 942 |
_cKNG _n0 _s1 |
||
| 944 |
_aCR _c2021-03-12 _l2021-03-12 |
||
| 999 | _d400757 | ||
| 999 | _d81764 | ||